| 000 | 00774nam a22002057a 4500 | ||
|---|---|---|---|
| 005 | 20100730113015.0 | ||
| 010 | _aENG-97441 | ||
| 020 |
_a9788184840025 _c800.00 |
||
| 035 | _aEN-80974 | ||
| 037 | _bDBAD/PUB | ||
| 082 | _a321.80954 | ||
| 100 |
_aJain, Vaishali _93290 |
||
| 245 |
_aCrisis in indian democracy and gandhian alternative / _cby Vaishali jain |
||
| 260 |
_aNew Delhi _bRegal Publications _c2009 |
||
| 270 |
_aA-49/1, Mayapuri, Phase-1, _bNew Delhi _e110 064 |
||
| 300 |
_avi, 230p. _c23 cm (Hb) |
||
| 500 | _aIncludes bibliagraphical references and index | ||
| 942 |
_2ddc _cEN _h321.80954 _mJAI |
||
| 999 |
_c38209 _d38209 |
||